LEADER 01134nam a2200217 4500 001 000000359746 003 CaOOAMICUS 005 20240910164017.0 008 240910s1934 pl 000 u fre r 040 $aSeMil$bita 100 1 $aLimanowski, M.$0(OLS)http://semarc/name/120395 245 10$aNord-Est de la Pologne, Bassin du Niemen et de la Dzwina :$bexcursion B 1 : Congrès international de géographie : Varsovie, 1934 /$cdirecteur M. Limanowski. 264 1$aVarsovie :$bKasa Im.Mianowskiego,$c1934. 300 $a47 p. :$bill. ;$c22 cm 650 4$aPolonia - Varsavia.$0(OLS)http://semarc/subject/29913 711 0 $aCongres international de geographie <14. ; 1934 ; Varsavia>.$0(OLS)http://semarc/name/10923 850 $aSeMil 852 $aSeMil$W1$xVenegono$y1$m5C VI 6/10$j250720$B250802$CSeMilBibl$Z2$F250802 $8I 996 $6245$aNord-Est de la Pologne, Bassin du Niemen et de la Dzwina :$bexcursion B 1 : Congrès international de géographie : Varsovie, 1934$9(OLS)http://semarc/title/450147 996 $6264$aVarsovie :$bKasa Im.Mianowskiego$9(OLS)http://semarc/publisher/52001 LEADER 00803nam a2200205 i 4500 001 000000073608 003 CaOOAMICUS 005 20080407000000.0 008 080407s1927 it u000 u ita u 013 $a44780 040 $aSeMil$bita 100 1 $aCairoli, Luigi Pasquale.$0(OLS)http://semarc/name/25742 245 13$aIl monopolio nel pensiero degli scolastici /$cLuigi Pasquale Cairoli. 260 $aMonza :$bBorsa,$c1927. 300 $a65 p. ;$c18 cm. 650 4$aMonopoli - Concezione scolastica.$0(OLS)http://semarc/subject/14916 850 $aSeMil 852 $aSeMil$W1$xVenegono$y1$m2R I 54$j39760$B39760$CSeMilBibl$Z2$F39764 $81 996 $6245$aIl monopolio nel pensiero degli scolastici$9(OLS)http://semarc/title/118854 996 $6260$aMonza :$bBorsa$9(OLS)http://semarc/publisher/43117